Skrytý potenciál kariérového poradenství

Význam kariérového poradenstva. Kariérny rozvoj na pracovisku. Podpora rozvoja schopností pre riadenie vlastnej kariéry. Ďalšie úlohy kariérového poradenstva. Záruky pre mladých.

Saved in:
Bibliographic Details
Main Author: Hašková, Kateřina
Format: Book Chapter
Language:Czech
Subjects:
Tags: Add Tag
No Tags, Be the first to tag this record!

MARC

LEADER 00000naa a2200000 4500
001 0200215
005 20231211122236.4
041 0 |a cze 
044 |a CZ 
245 1 0 |a Skrytý potenciál kariérového poradenství  |c Kateřina Hašková 
520 |a Význam kariérového poradenstva. Kariérny rozvoj na pracovisku. Podpora rozvoja schopností pre riadenie vlastnej kariéry. Ďalšie úlohy kariérového poradenstva. Záruky pre mladých. 
610 2 0 |a poradenstvo kariérové 
610 2 0 |a práca 
610 2 0 |a zamestnanie 
610 2 0 |a absolventi 
610 2 0 |a pracovníci 
610 2 0 |a vzdelávanie 
610 2 0 |a trh práce 
100 1 |a Hašková, Kateřina